| 000 | 01032nam a2200265 i 4500 | ||
|---|---|---|---|
| 001 | 187826 | ||
| 003 | SpMaBN | ||
| 005 | 20260525062938.0 | ||
| 008 | 180312s1941 ag |||| | spa d | ||
| 080 | _a821.134.2-4"19" | ||
| 100 | 1 |
_aOrtega y Gasset, José, _d1883-1955 _987503 |
|
| 245 | 1 | 0 |
_aTríptico _b: Mirabeau o el político ; Kant ; Goethe desde dentro / _cJosé Ortega y Gasset. |
| 246 | 3 | 0 | _aMirabeau o el político |
| 246 | 3 | 0 | _aKant |
| 246 | 3 | 0 | _aGoethe desde dentro |
| 260 |
_aBuenos Aires : _bEspasa-Calpe, _c[1941] |
||
| 300 |
_a166 p. ; _c18 cm. |
||
| 490 | 1 |
_aColección austral ; _v181 |
|
| 600 | 1 | 4 |
_aMirabeau, Honoré-Gabriel de Riqueti _ccomte de. _981463 |
| 600 | 1 | 4 |
_aKant, Immanuel, _d1724-1804- _xCrítica e interpretación _967497 |
| 600 | 1 | 4 |
_aGoethe, Johann Wolfgang von, _d1749-1832- _xCrítica e interpretación _957571 |
| 830 | 0 |
_aColección austral _v181 _9177655 |
|
| 852 |
_aES-MaACL _jL-31889 _z. - Donat. herederos de la bibl. de Mª del Pilar Costa Palacín |
||
| 999 |
_c187826 _d187826 |
||